000 00711nam a2200229 i 4500
001 bg
100 1 _aRAGAB, Abdel-Rahman A. F.
245 1 0 _aEngineering solid mechanics :
_bfundamentals and applications /
_cAbdel-Rahman Ragab, Salah Eldin Bayoumi.
260 _aBoca Raton [etc.] :
_bCRC Press,
_ccop.1999.
300 _a[20], 921 s. :
_brys., wykr. ;
_c26 cm.
504 _aBibliogr. przy rozdz. - Indeks.
650 9 _aNaprężenia i odkształcenia
650 9 _aMechanika stosowana
700 1 _aBAYOUMI, Salah E.A.
020 _a0849316073
040 _cBPK
041 0 _aen
080 _a539.3/.6:620.1
920 _a0-8493-1607-3
942 _cKS
008 s pl f |000 0 pol
999 _c37203
_d37203
856 _uhttp://koha.tu.koszalin.pl/cgi-bin/koha/opac-detail.pl?biblionumber=37203
_yKatalog online BPK